Ukazovatele evaluácie socio-ekonomickej hodnoty kúpeľného cestovného ruchu: Poznatky zo strategických dokumentov Slovenska a Česka

Na minha lista:
Detalhes bibliográficos
Autor principal: Pekarovičová, Lenka, 2000-
Outros Autores: Bečvář, Daniel
Formato: Capítulo de Livro
Idioma:eslovaco
Tags: Adicionar Tag
Sem tags, seja o primeiro a adicionar uma tag!

MARC

LEADER 00000naa$a2200000$$$4500
001 0314450
005 20260123092901.8
041 0 |a slo 
044 |a SK 
245 1 0 |a Ukazovatele evaluácie socio-ekonomickej hodnoty kúpeľného cestovného ruchu: Poznatky zo strategických dokumentov Slovenska a Česka  |c Lenka Pekarovičová, Daniel Bečvář 
100 1 |a Pekarovičová, Lenka, 2000- 
700 1 |a Bečvář, Daniel